Normal view
MARC view
- عرض وتلخيص الحاج، لويس
Entry Personal Name
001 - CONTROL NUMBER
- control field: 57715
003 - CONTROL NUMBER IDENTIFIER
- control field: JO-AjAnu
005 - DATE AND TIME OF LATEST TRANSACTION
- control field: 20230606083441.0
008 - FIXED-LENGTH DATA ELEMENTS
- fixed length control field: 230606|| aca||aabn | a|a d
040 ## - CATALOGING SOURCE
- Original cataloging agency: JO-AjAnu
- Transcribing agency: JO-AjAnu
100 ## - HEADING--PERSONAL NAME
- Personal name: عرض وتلخيص الحاج، لويس
670 ## - SOURCE DATA FOUND
- Source citation: Work cat.: (JO-AjAnu)29448: عرض وتلخيص الحاج، لويس, author, السلسلة السيكولوجية، مج2